LEADER 03405nam 2200697 450 001 9910464127503321 005 20211015215854.0 010 $a3-11-090243-5 024 7 $a10.1515/9783110902433 035 $a(CKB)3390000000034312 035 $a(SSID)ssj0000849329 035 $a(PQKBManifestationID)11453901 035 $a(PQKBTitleCode)TC0000849329 035 $a(PQKBWorkID)10829013 035 $a(PQKB)10554069 035 $a(MiAaPQ)EBC3042914 035 $a(DE-B1597)56365 035 $a(OCoLC)979606052 035 $a(DE-B1597)9783110902433 035 $a(Au-PeEL)EBL3042914 035 $a(CaPaEBR)ebr10755089 035 $a(OCoLC)922945946 035 $a(EXLCZ)993390000000034312 100 $a20040819d2004 uy 0 101 0 $aeng 135 $aurcnu|||||||| 181 $ctxt 182 $cc 183 $acr 200 10$aIdentity and marginality among new Australians $ereligion and ethnicity in Victoria's Slavic Baptist community /$fViktor Zander 205 $aReprint 2012 210 1$aBerlin ;$aNew York :$cWalter de Gruyter,$d[2004] 210 4$d©2004 215 $a1 online resource (345 pages) $cillustrations 225 1 $aReligion and society ;$vv. 39 300 $aBibliographic Level Mode of Issuance: Monograph 311 0 $a3-11-017981-4 320 $aIncludes bibliographical references (pages [309]-317) and indexes. 327 $tFront matter --$tForeword /$rDonskikh, Oleg --$tAcknowledgements --$tContents --$tList of Tables --$tIntroduction --$tCHAPTER 1: Theoretical and Methodological Approach to Identity and Marginality and Its Application to the Slavic Baptist Community --$tCHAPTER 2: Principles of Formation of the Main Groups within the Slavic Baptist Community and Their Description --$tCHAPTER 3: Basic Attitudes to Ethnic and Religious Issues as Pointers to Identity and Marginality --$tCHAPTER 4: Objectification: The Image and Understanding of God in the Identification Process --$tCHAPTER 5: Ritual: Participation in Church Activities As a Manifestation of Religiosity --$tCHAPTER 6: Identity and Marginality Unveiled through Commitment to the Ethnic Church --$tCHAPTER 7: Identity and Marginality in the Light of Theory and Data --$tAPPENDIX 1: Concise History of Russian Protestantism: The Origin of Religious Marginality --$tAPPENDIX 2: Tables with Data from Interviews --$tAPPENDIX 3: Interview of a First-wave Immigrants' Child --$tBibliography --$tIndex of Names and Subjects --$tIndex of Modern Authors 410 0$aReligion and society (Hague, Netherlands) ;$v39. 606 $aBaptists$zAustralia$zVictoria$xHistory 606 $aEmigration and immigration$xReligious aspects 606 $aIdentification (Religion) 606 $aImmigrants$xReligious life$zAustralia 606 $aMarginality, Social$zAustralia 607 $aAustralia$xChurch history 608 $aElectronic books. 615 0$aBaptists$xHistory. 615 0$aEmigration and immigration$xReligious aspects. 615 0$aIdentification (Religion) 615 0$aImmigrants$xReligious life 615 0$aMarginality, Social 676 $a305.6/861945/089917 700 $aZander$b Viktor$01056470 801 0$bMiAaPQ 801 1$bMiAaPQ 801 2$bMiAaPQ 906 $aBOOK 912 $a9910464127503321 996 $aIdentity and marginality among new Australians$92490857 997 $aUNINA LEADER 01183cam0 2200277 450 001 E600200041248 005 20211213085830.0 100 $a20081022d1979 |||||ita|0103 ba 101 $ager 102 $aDE 200 1 $aFrühe Schriften 1892-1900. Erster Band: 1892-1900. Zweiter Band, 1897-1900: Die demolierte Literatur - Eine Krone für Zion$fKarl Kraus$ghrsg. von Joh. J. Braakenburg$g 210 $aMünchen$cKösel Verlag$d1979 215 $a2 v.$d22 cm 700 1$aKraus$b, Karl$3A600200032500$4070$031877 702 1$aBraakenburg, Joh.$3A600200050493$4070 801 0$aIT$bUNISOB$c20211213$gRICA 850 $aUNISOB 852 $aUNISOB$j830$m43905 852 $aUNISOB$j830$m43906 912 $aE600200041248 940 $aM 102 Monografia moderna SBN 941 $aM 957 $a830$b000577$i-1$gSi$d43905$racquisto$1beth$2UNISOB$3UNISOB$420081022121905.0$520211213085607.0$6bethb 957 $a830$b000577$i-2$gSI$d43906$racquisto$1bethb$2UNISOB$3UNISOB$420211213085610.0$520211213085631.0$6bethb 996 $aFrühe Schriften 1892-1900. Erster Band: 1892-1900. Zweiter Band, 1897-1900: Die demolierte Literatur - Eine Krone für Zion$92553887 997 $aUNISOB LEADER 01474nam 2200373 n 450 001 996395192703316 005 20221108093355.0 035 $a(CKB)3810000000014539 035 $a(EEBO)2248578307 035 $a(UnM)9959381800971 035 $a(EXLCZ)993810000000014539 100 $a20790322d1726 uy 101 0 $aeng 135 $aurbn||||a|bb| 200 14$aThe Cambro Britton robb'd of his bauble$b[electronic resource] $ewith bob [sic] and Harry, a new song to which is added the Address & new ballad. Tune of, Ye commons and peers 210 $aLondon $cprinted for A. Moore near St. Pauls$d[1726] 215 $a[4] p 300 $aPublication date suggested by BLC. 300 $aAnonymous. By Philip Dormer Stanhope, Earl of Chesterfield. 300 $aBob = Sir Robert Walpole. 300 $aHarry = Henry St John, Viscount Bolingbroke. -The bookseller's name in the imprint is fictitious. 300 $aSee Treadwell, M.: 'Of false and misleading imprints'. In: 'Fakes and frauds', 1989, pp. 41-43. 300 $aNot in Foxon (S717 is another edition) 300 $aReproduction of original in the British Library. 330 $aeebo-0018 700 $aChesterfield$b Philip Dormer Stanhope$cEarl of,$f1694-1773.$0202452 801 0$bUk-ES 801 1$bUk-ES 801 2$bCStRLIN 801 2$bCu-RivES 906 $aBOOK 912 $a996395192703316 996 $aThe Cambro Britton robb'd of his bauble$92381466 997 $aUNISA LEADER 01320nam2 22003133i 450 001 SBL0512888 005 20251003044356.0 020 $aIT$b6010041 100 $a20120525d1958 ||||0itac50 ba 101 | $aita 102 $ait 181 1$6z01$ai $bxxxe 182 1$6z01$an 200 1 $aˆ2: I ‰contratti di credito$fa cura dell'avv. Marcello Tondo 210 $aRoma$cBancaria$d1958 215 $a258 p.$d25 cm. 461 1$1001SBL0512887$12001 $aContratti bancari$fa cura dell'avv. Marcello Tondo$v2 606 $aCONTRATTI BANCARI$xDIRITTO$2FIR$3MILC004528$9I 676 $a346.45082$9DIRITTO IN MATERIA DI ATTIVITA BANCARIE E ASSICURAZIONI. ITALIA$v21 696 $aAspetti giuridici 699 $aDiritto$zAspetti giuridici 700 1$aTondo$b, Marcello$3RAVV031071$4070$0113252 801 3$aIT$bIT-000000$c20120525 850 $aIT-BN0095 912 $aSBL0512888 950 2$aBiblioteca Centralizzata di Ateneo$d 01D (AR) 30 314$e 01AR 0700303145 VMA (0002 v. 2$fY $h20131003$i20131003$cv. 1-3$d 01POZZO LIB.F. PARRAVICINI 293$e 0101 0600162655E VMA (0002 v. 2 (Precedente collocazione P 409)$fB $h20221004$i20221004 977 $a 01 996 $aContratti di credito$966199 997 $aUNISANNIO